000 00513nam a2200193Ia 4500
003 OSt
005 20221007083103.0
006 a|||||r|||| 00| 0
007 ta
008 221006b |||||||| |||| 00| 0 eng d
024 _a23,174
037 _cDissertations
040 _aFLL
_cFLL
_beng
041 _2eng
_aeng
100 _aNaroola R.K.
_9566099
245 0 _aLaw relating to bail a comparative study between indian & english law
942 _cDIS
_2CC
999 _c1168776
_d1168776